000 01032nam a22003137a 4500
003 CHAP
005 20220329135729.0
008 971013c19541964 r 00010 d
010 _a41230
011 _a42202
035 _a46330
040 _cCHAP
082 _a580.12
_bE5
100 0 0 _aEngler, Adolfo.
_936979
245 _aSyllabus der Pflanzenfamilien...
250 _a12 ed.
260 _aBerlin :
_bGebruder Borntraeger,
_c1954-1964
300 _a2 v.
_b: ilus.
505 _aContenido : v.1 Bakterien bis Gymnospermen.--v.2 Angiospermen
590 _aBATCH-UPD
_b10
_c20130110
_lUCH01
_h2106
590 _aBATCH-UPD
_b10
_c20130410
_lUCH01
_h1418
590 _aBATCH-UPD
_b10
_c20130914
_lUCH01
_h0732
590 _aCONVERSION
_b10
_c20130109
_lUCH01
_h1323
650 1 4 _aBotánica
_xClasificación.
_914516
901 _aBK
942 _cLIBRO
949 _a580.12 E5
_bBC
_cLIBRO
_d33724000518981
_eLIBRO
_f1954 v.1
_h17510
_i46330
_si
949 _a580.12 E5
_bBC
_cLIBRO
_d33724000755278
_eLIBRO
_f1954 v.2
_h17535
_i46330
_si
_t437.50
999 _c41230
_d41230